| 000 | 00715cab a2200229 4500 | ||
|---|---|---|---|
| 001 | WB3506-58 | ||
| 008 | 090401t1999 xxu||||| |||| 00| 0 eng d | ||
| 035 | _a(Sirsi) u91253 | ||
| 041 | _aeng | ||
| 245 | _aDanger in stamp duty rise | ||
| 260 | _c1999 | ||
| 350 | _a0 | ||
| 490 |
_aCSM _bChartered Surveyor Monthly _v8(6) February 1999, 6(1) |
||
| 520 | _aResearch carried out by Arthur Andersen and David Currie and Andrew Scott suggests that further increases in stamp duty would have a knock-on effect on the wider UK economy. | ||
| 650 | _aPROPERTY-COMMERCIAL PROPERTY | ||
| 650 | _aECONOMY | ||
| 650 | _aIMPACT | ||
| 650 | _aSTAMP DUTY | ||
| 690 | _aTAXATION | ||
| 942 | _n0 | ||
| 948 | _c11/02/1999 | ||
| 999 |
_c57907 _d57907 |
||